00388nam a2200157Ia 4500003000400000008004100004040001600045082002000061100001900081245004200100260003700142300001200179650000800191650002000199650001100219GCL140319s9999 xx 000 0 eng d aGCL / cGCL04a792.028092bB A1 aBERRY, C. CELY10aTHE ACTOR AND TEXT / cBERRY, C. CELY a[S.N] : bVIRGIN BOOKS ، c1992 a303 P P04aART04aPERFORMANCE ART04aACTORS